| 000 | 00638nam a22002057a 4500 | ||
|---|---|---|---|
| 001 | 0000042153 | ||
| 003 | DO-SdBNP | ||
| 005 | 20180315152336.0 | ||
| 008 | 160520b 2002 a xxu||||| |||| 00| 0 spa d | ||
| 040 |
_aBPMSU _bspa _cBPMSU |
||
| 092 |
_axxxxx _bxxxxx |
||
| 100 | 1 | _aDíaz, Paulina | |
| 245 | 1 | 0 |
_aManual de instrucción para la coloración del cabello / _cPaulina Díaz. |
| 260 |
_aEstados Unidos : _b[s. n.], _c2002. |
||
| 300 |
_a108 p. : _bil. ; _c21 cm. |
||
| 500 | _aIncluye datos biográficos de la autora | ||
| 942 |
_2ddc _cBK |
||
| 945 | _aInventariado, 2018 / BT | ||
| 956 |
_2LOPEREZ _310 _620160520 _8BPMSU _a00041 |
||
| 999 |
_c10185 _d10185 |
||